Diccionari de sinònims, idees afins i antònims / S. Pey Estrany ; pròleg de Jordi Rubió i Balaguer
Descripción Física:
823 p. ; 22 cm
Otros Autores:
Rubió i Balaguer, Jordi, 1887-1982
MARC
| LEADER | 00000nam a2200000Ia 4500 | ||
|---|---|---|---|
| 001 | 1789 | ||
| 008 | 160829s1970 xx 000 0 cat d | ||
| 080 | |a Sala Tècnica | ||
| 100 | |a Pey i Estrany, Santiago |9 29211 | ||
| 245 | |a Diccionari de sinònims, idees afins i antònims / S. Pey Estrany ; pròleg de Jordi Rubió i Balaguer | ||
| 260 | |a Barcelona : |b Teide : |b Lavínia, |c 1970 | ||
| 300 | |a 823 p. ; |c 22 cm | ||
| 650 | |a Català |x Sinònims i antònims |x Diccionaris |9 29212 | ||
| 700 | 1 | |a Rubió i Balaguer, Jordi, |d 1887-1982 |e autor del pròleg |9 23533 | |
| 901 | |a Arxiu | ||
| 942 | |n 1 |2 udc | ||
| 952 | |0 0 |1 0 |4 0 |6 SALA_TÈCNICA |7 1 |9 45104 |a Arxiu |b Arxiu |d 2016-12-01 |l 0 |o Sala Tècnica |p 1789 |r 2016-12-01 00:00:00 |w 2016-12-01 |y ARXIU | ||
| 999 | |c 47724 |d 47724 | ||